[Event "Milan Crespi op-B 34th"]
[Site "Milan"]
[Date "2013.12.05"]
[Round "2"]
[White "Bianchi, Paolo"]
[Black "Andolfatto, Maria"]
[Result "1/2-1/2"]
[WhiteElo "1692"]
[BlackElo "1496"]
[PlyCount "91"]
[EventDate "2013.12.04"]
[EventType "swiss"]
[EventRounds "7"]
[EventCountry "ITA"]
[SourceTitle "EXT 2015"]
[Source "ChessBase"]
[SourceDate "2014.11.20"]
[SourceVersion "1"]
[SourceVersionDate "2014.11.20"]
[SourceQuality "1"]

1. Nf3 d5 2. d4 e6 3. e3 Nf6 4. c4 a6 5. Nc3 Be7 6. Bd3 dxc4 7. Bxc4 b5 8. Be2 Bb7 9. 0-0 0-0 10. a3 c5 11. dxc5 Bxc5 12. b4 Bb6 13. Bb2 Nbd7 14. Nd2 Bc7 15. Bf3 Bxf3 16. Nxf3 Nb6 17. Qe2 Nc4 18. a4 Rb8 19. axb5 axb5 20. Nxb5 Nxb2 21. Nxc7 Qxc7 22. Qxb2 Nd5 23. b5 Qb6 24. Nd4 e5 25. Nf3 Qxb5 26. Qxe5 Rfe8 27. Qf5 g6 28. Qb1 Qxb1 29. Rfxb1 Rxb1+ 30. Rxb1 Kg7 31. g4 Kf6 32. Ra1 Re6 33. g5+ Kg7 34. Ra5 Ne7 35. Kg2 h6 36. gxh6+ Kxh6 37. Re5 Rxe5 38. Nxe5 f6 39. Ng4+ Kg5 40. h3 f5 41. f4+ Kh4 42. Ne5 Kh5 43. Kf3 g5 44. fxg5 Kxg5 45. Kg3 Nd5 46. Nc4 1/2-1/2

[Event "Milan Crespi op-C 33rd"]
[Site "Milan"]
[Date "2012.12.05"]
[Round "1"]
[White "Fantina, Carla"]
[Black "Bianchi, Paolo"]
[Result "0-1"]
[WhiteElo "1451"]
[BlackElo "1676"]
[PlyCount "94"]
[EventDate "2012.12.05"]
[EventType "swiss"]
[EventRounds "7"]
[EventCountry "ITA"]
[SourceTitle "EXT 2024"]
[Source "ChessBase"]
[SourceDate "2023.10.10"]
[SourceVersion "1"]
[SourceVersionDate "2023.10.10"]
[SourceQuality "1"]

1. c4 Nf6 2. Nc3 g6 3. g3 Bg7 4. Bg2 0-0 5. e3 c5 6. Nge2 Nc6 7. 0-0 e6 8. d4 cxd4 9. exd4 d5 10. cxd5 Nxd5 11. Nxd5 exd5 12. Be3 Be6 13. Qd2 Qb6 14. Rfd1 Rfe8 15. b3 Rac8 16. h3 Qb4 17. Nf4 Qxd2 18. Rxd2 Ne7 19. g4 Rc6 20. Nd3 Rec8 21. Rad1 a5 22. Nc5 b6 23. Nxe6 fxe6 24. Bg5 Kf7 25. Be3 Rc2 26. f4 R8c3 27. Bf2 Bh6 28. g5 Bg7 29. Kh2 Nf5 30. Rxc2 Rxc2 31. Kg1 Rxa2 32. Rc1 Rb2 33. Rc7+ Ne7 34. Rc3 Rxf2 35. Rd3 Rb2 36. Kf1 b5 37. Bf3 Nf5 38. Be2 Nxd4 39. Bg4 Rxb3 40. Rd1 b4 41. h4 a4 42. h5 Nf5 43. h6 Ne3+ 44. Ke2 Nxd1 45. Kxd1 Bd4 46. Kc2 Rc3+ 47. Kb1 Be3 0-1

[Event "Cologno Monzese op 27th"]
[Site "Cologno Monzese"]
[Date "2008.10.31"]
[Round "5"]
[White "Epitome, Nando"]
[Black "Bianchi, Paolo"]
[Result "1-0"]
[WhiteElo "1470"]
[BlackElo "1604"]
[PlyCount "77"]
[EventDate "2008.10.17"]
[EventType "swiss"]
[EventRounds "6"]
[EventCountry "ITA"]
[SourceTitle "EXT 2011"]
[Source "ChessBase"]
[SourceDate "2010.11.26"]
[SourceVersion "1"]
[SourceVersionDate "2010.11.26"]
[SourceQuality "1"]

1. d4 Nf6 2. c4 g6 3. Nc3 Bg7 4. Nf3 d5 5. h3 0-0 6. Bf4 c6 7. e3 Qa5 8. Qd2 Nbd7 9. a3 Qd8 10. c5 Ne4 11. Nxe4 dxe4 12. Ng5 Nf6 13. Be5 Qd5 14. Qc2 Be6 15. Bxf6 Bxf6 16. Nxe4 Bf5 17. Nxf6+ exf6 18. Qd2 Rfe8 19. f3 Qb3 20. Kf2 Rad8 21. Rc1 Bc8 22. Rc3 Qd5 23. Bc4 Qf5 24. g4 Qd7 25. h4 Kg7 26. h5 h6 27. Rd3 g5 28. e4 Qc7 29. b4 Be6 30. d5 cxd5 31. exd5 Bc8 32. d6 Qd7 33. Rd5 Qc6 34. b5 Qd7 35. a4 Re5 36. Rd1 Qe8 37. d7 Bxd7 38. Rxd7 Rxd7 39. Qxd7 1-0

[Event "Cologno Monzese op 27th"]
[Site "Cologno Monzese"]
[Date "2008.10.17"]
[Round "1"]
[White "Bianchi, Paolo"]
[Black "Nicolo, Filippo"]
[Result "1/2-1/2"]
[WhiteElo "1604"]
[BlackElo "2094"]
[PlyCount "38"]
[EventDate "2008.10.17"]
[EventType "swiss"]
[EventRounds "6"]
[EventCountry "ITA"]
[SourceTitle "EXT 2011"]
[Source "ChessBase"]
[SourceDate "2010.11.26"]
[SourceVersion "1"]
[SourceVersionDate "2010.11.26"]
[SourceQuality "1"]

1. d4 d6 2. Nf3 f5 3. e3 Nf6 4. Bd3 g6 5. Nbd2 d5 6. b3 Bg7 7. Bb2 0-0 8. c4 c6 9. 0-0 Ne4 10. Ne5 Be6 11. f3 Nxd2 12. Qxd2 Nd7 13. Nxd7 Qxd7 14. cxd5 cxd5 15. Rac1 Rac8 16. Rxc8 Rxc8 17. Rc1 Bh6 18. f4 Kf7 19. Rc3 Bg7 1/2-1/2